Statistics for Most Valuable English Football Players

Click here to take the quiz!

General Stats

  • This quiz has been taken 55 times
  • The average score is 29 of 50

Answer Stats

RankClubValuePositionAnswer% Correct
3Bayern Munich€110mFWHarry Kane
98%
1Real Madrid€180mMIDJude Bellingham
98%
2Arsenal€120mFWBukayo Saka
93%
4Arsenal€110mMIDDeclan Rice
93%
6Manchester City€70mFWJack Grealish
93%
7Manchester United€70mFWMarcus Rashford
91%
5Manchester City€110mFWPhil Foden
91%
8Tottenham Hotspur€70mMIDJames Maddison
87%
9Liverpool€70mDEFTrent Alexander-Arnold
84%
11Arsenal€55mDEFBen White
80%
23Nottingham Forest€40mMIDMorgan Gibbs-White
80%
26Manchester City€38mDEFJohn Stones
76%
25Manchester United€38mDEFLuke Shaw
76%
10Aston Villa€60mFWOllie Watkins
76%
14Chelsea€50mDEFReece James
73%
22AC Milan€40mDEFFikayo Tomori
71%
17Chelsea€45mFWRaheem Sterling
71%
43Arsenal€28mGKAaron Ramsdale
69%
37Chelsea€30mDEFBen Chilwell
64%
19Chelsea€45mMIDCole Palmer
64%
29Brentford€35mFWIvan Toney
64%
18Manchester United€45mMIDMason Mount
64%
13West Ham United€50mFWJarrod Bowen
62%
30Roma€35mFWTammy Abraham
60%
15Newcastle United€50mFWAnthony Gordon
58%
20Chelsea€42mMIDConor Gallagher
58%
16Crystal Palace€48mMIDEberechi Eze
56%
31Arsenal€35mFWEddie Nketiah
51%
40Liverpool€30mMIDHarvey Elliott
51%
50Manchester United€25mFWJadon Sancho
51%
45AC Milan€25mMIDRuben Loftus-Cheek
51%
46Bournemouth€25mFWDominic Solanke
47%
24West Ham United€38mMIDJames Ward-Prowse
47%
12Chelsea€50mDEFLevi Colwill
47%
28Manchester City€38mDEFRico Lewis
47%
38Liverpool€30mMIDCurtis Jones
44%
49Arsenal€25mMIDEmile Smith Rowe
44%
42Manchester City€28mMIDKalvin Phillips
44%
21Aston Villa€42mMIDJacob Ramsey
40%
33Newcastle United€35mFWHarvey Barnes
36%
34Aston Villa€35mDEFEzri Konsa
33%
27Crystal Palace€38mDEFMarc Guéhi
33%
32Newcastle United€35mMIDJoe Willock
31%
36Wolverhampton Wanderers€35mDEFMax Kilman
31%
48Newcastle United€25mMIDSean Longstaff
29%
41Sporting CP€28mFWMarcus Edwards
27%
44Borussia Dortmund€28mFWJamie Bynoe-Gittens
24%
39Leicester City€30mMIDKiernan Dewsbury-Hall
24%
35Newcastle United€35mDEFTino Livramento
24%
47Brentford€25mDEFRico Henry
22%

Score Distribution

Percentile by Number Answered

Percent of People with Each Score

Your Score History

You have not taken this quiz